000 00288nam a22001337a 4500
008 170810b xxu||||| |||| 00| 0 eng d
020 _a785555868632
041 _aeng
080 _a004
100 _a35
101 _aSHKI
245 _aMICROSOFT WORD 2003
_cGOOKIN, D
942 _2udc
_cBK
999 _c23155
_d23155